000 00624nam a2200277Ia 4500
005 20260324141816.0
008 008 260324s9999 xx 000 0 eng d
020 _a9780367812089
037 _aEBOOK
040 _aCRL
040 _beng
040 _cCRL
041 _2eng
041 _aeng
084 _qCRL
100 _aJohn C. Chen
_91209594
245 0 _aConvective Flow Boiling
260 _bTaylor and Francis
260 _c1996
365 _a
365 _b275
856 _uhttp://www.taylorfrancis.com/books/9780367812089
942 _cEBOOK
999 _c1813063
_d1813063